Auditorías medioambientales : guía metodológica /

Guardado en:
Autor Principal: Conesa Fernández-Vítora, Vicente.
Otros Autores: Conesa Ripoll, Vicente., Capella Calatayud, Verónica.
Formato: Libro
Idioma:Undetermined
Publicado: Madrid : Mundi-Prensa, 1997.
Edición:2a. ed. rev. y ampliada.
Materias:
Etiquetas: Agregar Etiqueta
Sin Etiquetas, Sea el primero en etiquetar este registro!
LEADER 00975nam a22002415a 4500
001 EUN.eunm001608
005 20080225093643.0
008 071130s1997####sp#a#####b####000#0#und#d
020 |a 8471146975 
082 0 4 |a 333.714  |2 21 
100 1 |a Conesa Fernández-Vítora, Vicente. 
245 1 0 |a Auditorías medioambientales :  |b guía metodológica /  |c Vicente Conesa Fernández-Vítora ; colaboradores: Vicente Conesa Ripoll, Verónica Capella Calatayud, L. Alberto Conesa Ripoll. 
250 |a 2a. ed. rev. y ampliada. 
260 |a Madrid :  |b Mundi-Prensa,  |c 1997. 
300 |a 552 p. :  |b il. ;  |c 24 cm. 
504 |a Incluye referencias bibliográficas. 
650 7 |a Medio ambiente.  |2 unbist 
650 7 |a Gestión ambiental.  |2 unbist 
650 7 |a Evaluación del impacto ambiental.  |2 unbist 
650 7 |a Deterioro ambiental.  |2 unbist 
700 1 |a Conesa Ripoll, Vicente. 
700 1 |a Capella Calatayud, Verónica. 
859 |a AR-BaUNS  |b BIB. CENTRAL - Sector A  |h 333.72  |i C758-1  |p 118516/007